Statistiques concernant Février

Cliquez ici pour prendre le quiz!

Statistiques générales

  • Ce quiz a été pris 51 fois
  • Le résultat moyen est 4 sur 10

Statistiques - réponses

QuestionsRéponses% Correct
Sauf lors des années bissextiles où il y a __ jours.29
100%
Dans les calendriers grégoriens et julien février est le ______ mois de l’année.Deuxième
100%
Il y a __ jours dans le mois de février.28
98%
Le ______ est la couleur du mois de février.Rouge
45%
La violette et l’____ sont les fleurs associées au mois de février.Iris
31%
L’______ est la pierre associée au mois de février.Améthyste
16%
Le roi ____ ________ aurait, vers 713 av. J.-C. ajouté les mois de janvier et de février dans le calendrier.Numa Pompilius
12%
Le dicton du mois de février est «Février, le plus court des mois, est de tous le _____ à la fois »Pire
6%
C’est à partir de la réforme ________ que février compte 28 jours les mois standard et 29 jours les années bissextiles.Julienne
4%
Le nom février provient du terme latin februare qui signifie ______.Purifier
2%

Distribution des résultats

Percentile par nombre de réponses

% des personnes avec chaque résultat

Votre développement - résultats

Vous n’avez pas pris ce quiz